| 000 | 00592cam a2200145 4500500 | ||
|---|---|---|---|
| 005 | 20260208002341.0 | ||
| 041 | _afre | ||
| 042 | _adc | ||
| 100 | 1 | 0 |
_aRetsikas, Kostas _eauthor |
| 245 | 0 | 0 | _aStephen C. Headley Durga’s MosqueCosmology, Conversion and Community in Central Javanese Islam. Singapore, Institute of Southeast Asian Studies, 2004, xx + 570 p., bibl., index, fig. |
| 260 | _c2005. | ||
| 500 | _a82 | ||
| 786 | 0 | _nL'Homme | 174 | 2 | 2005-06-01 | p. 277p-329p | 0439-4216 | |
| 856 | 4 | 1 | _uhttps://shs.cairn.info/revue-l-homme-2005-2-page-277p?lang=fr&redirect-ssocas=7080 |
| 999 |
_c1645962 _d1645962 |
||